Databases : design, development, and deployment : using Microsoft Access (Record no. 6510)

000 -LEADER
fixed length control field 00701 a2200181 4500
020 ## - INTERNATIONAL STANDARD BOOK NUMBER
International Standard Book Number 007228160
040 ## - CATALOGING SOURCE
Original cataloging agency DLC
Language of cataloging English
082 00 - DEWEY DECIMAL CLASSIFICATION NUMBER
Classification number 005.7565
100 1# - MAIN ENTRY--PERSONAL NAME
Personal name Rob, Peter.
245 10 - TITLE STATEMENT
Title Databases : design, development, and deployment : using Microsoft Access
Statement of responsibility, etc. Peter Rob, Elie Semaan.
260 ## - PUBLICATION, DISTRIBUTION, ETC.
Place of publication, distribution, etc. Boston :
Name of publisher, distributor, etc. Irwin/McGraw-Hill,
Date of publication, distribution, etc. c2000.
300 ## - PHYSICAL DESCRIPTION
Extent xxii, 469 p. :
Other physical details ill. (some col.) ;
Dimensions 28 cm. +
Accompanying material 1 computer laser optical disc (4 3/4 in.)
500 ## - GENERAL NOTE
General note Includes index.
538 ## - SYSTEM DETAILS NOTE
System details note System requirements for accompanying computer disc: IBM PC, or 100% compatible with Microsoft Access 97 or higher.
650 #0 - SUBJECT ADDED ENTRY--TOPICAL TERM
Topical term or geographic name entry element Database management.
700 1# - ADDED ENTRY--PERSONAL NAME
Personal name Semaan, Elie.
942 ## - ADDED ENTRY ELEMENTS (KOHA)
Koha item type Book
Call number prefix 005.7565 ROB
Source of classification or shelving scheme
Holdings
Withdrawn status Lost status Damaged status Not for loan Collection code Permanent Location Current Location Shelving location Date acquired Source of acquisition Cost, normal purchase price Total Checkouts Full call number Barcode Date last seen Price effective from Koha item type
          Central Library (CL) Central Library (CL) First Floor - Databases 02/27/2003 Vanguard 501.50   005.7565 ROB SEECS003155 11/14/2012 01/05/2017 Book
          Central Library (CL) Central Library (CL) First Floor - Databases 11/25/2002 Allied Book Company 1190.79   005.7565 ROB SEECS002775 11/14/2012 01/05/2017 Book
© 2023 Central Library, National University of Sciences and Technology. All Rights Reserved.